Entry Nombre personal
001 - NÚMERO DE CONTROL
- campo de control: 24862
003 - IDENTIFICADOR DE NÚMERO DE CONTROL
- campo de control: SpMaBN
005 - FECHA Y HORA DE LA ÚLTIMA TRANSACCIÓN
- campo de control: 20231110184523.0
008 - ELEMENTOS DE DATO DE LONGITUD-FIJA
- campo de control de longitud fija: 901120n| aijnnaabn a aaa
016 ## - NÚMERO DE CONTROL DE UNA AGENCIA BIBLIOGRÁFICA NACIONAL
- Número de control del registro: BNE19900023139
024 7# - IDENTIFICADOR DE OTROS ESTÁNDARES
- Número estándar o código: http://viaf.org/viaf/24624264/
- Fuente: viaf
024 7# - IDENTIFICADOR DE OTROS ESTÁNDARES
- Número estándar o código: https://isni.org/isni/0000000121244977
- Fuente: isni
024 7# - IDENTIFICADOR DE OTROS ESTÁNDARES
- Número estándar o código: http://www.wikidata.org/entity/Q93370080
- Fuente: wikidata
040 ## - FUENTE DE CATALOGACIÓN
- Centro catalogador/agencia de origen: SpMaBN
- Lengua de catalogación: spa
- Centro/agencia transcriptor: SpMaBN
- Normas de descripción: rdc
- Convención/Normas de encabezamiento de materia/tesauro: embne
046 ## - FECHAS CON CODIFICACIÓN ESPECIAL
- Fecha de nacimiento: 1943
100 1# - ENCABEZAMIENTO-NOMBRE DE PERSONA
- Nombre de persona: Balcells, José María,
- Fechas asociadas al nombre: 1943-
370 ## - LUGAR ASOCIADO
- Lugar de nacimiento: Barcelona, España
- Fuente del término: embne
372 ## - CAMPO DE ACTIVIDAD
- Campo de actividad: Literatura Española
- Fuente de información: (Dialnet)
372 ## - CAMPO DE ACTIVIDAD
- Campo de actividad: Poesías
- Fuente del término: tgfbne
374 ## - OCUPACIÓN
- Ocupación: Catedráticos
- Ocupación: Poetas
- Fuente del término: embne
375 ## - GÉNERO/SEXO
- Género: Masculino
377 ## - IDIOMA ASOCIADO
- Término de lengua/lenguaje: Español
- Término de lengua/lenguaje: Catalán
400 1# - TRAZADO DE VÉASE--NOMBRE DE PERSONA
- Nombre de persona: Balcells, J. M.,
- Fechas asociadas al nombre: 1943-
400 1# - TRAZADO DE VÉASE--NOMBRE DE PERSONA
- Nombre de persona: Balcells, Josep Maria,
- Fechas asociadas al nombre: 1943-
400 1# - TRAZADO DE VÉASE--NOMBRE DE PERSONA
- Nombre de persona: Balcells, José M.,
- Fechas asociadas al nombre: 1943-
400 1# - TRAZADO DE VÉASE--NOMBRE DE PERSONA
- Nombre de persona: Balcells Domenech, José María,
- Fechas asociadas al nombre: 1943
670 ## - FUENTE DE DATOS ENCONTRADOS
- Cita de la fuente: Crónicas del descubrimiento, de José Mª Balcells, et al., 1992
- Información encontrada: port. (José Mª Balcells)
670 ## - FUENTE DE DATOS ENCONTRADOS
- Cita de la fuente: Revistes dels catalans a les Amèriques, 1988
- Información encontrada: port. (Josep Maria Balcells)
670 ## - FUENTE DE DATOS ENCONTRADOS
- Cita de la fuente: Dic. de escritores, 1996
- Información encontrada: (Balcells Doménech, José María; n. Barcelona, 5-3-1943; catedrático de literatura española)
670 ## - FUENTE DE DATOS ENCONTRADOS
- Cita de la fuente: Singularidad en la poesía de Manuel Ruiz Amezcua, 2018
- Información encontrada: portada (edición y prólogo de José María Balcells), solapa (catedrático en la Universidad de León)
856 4# - LOCALIZACIÓN Y ACCESO ELECTRÓNICOS
- Identificador Uniforme de Recursos: http://dialnet.unirioja.es/servlet/autorExterno/BNE/843340
